[Matematika]

Recenzia na publikáciu , ktorá je štrukturovaná do dvoch častí. Prvá časť obsahuje stredoškolskú matematiku a druhá cvičebné testy na príjmacie pohovory.

Salvato in:
Dettagli Bibliografici
Autore principale: Sakálová, Katarína, 1955-
Natura: Capitolo di libro
Lingua:slovacco
Soggetti:
Tags: Aggiungi Tag
Nessun Tag, puoi essere il primo ad aggiungerne!!

MARC

LEADER 00000naa a2200000 4500
001 0120302
005 20240502072340.5
041 0 |a slo 
044 |a SK 
245 1 0 |a [Matematika]  |c Katarína Sakálová 
520 |a Recenzia na publikáciu , ktorá je štrukturovaná do dvoch častí. Prvá časť obsahuje stredoškolskú matematiku a druhá cvičebné testy na príjmacie pohovory. 
610 2 0 |a matematika 
610 2 0 |a recenzie 
610 2 0 |a školy vysoké 
610 2 0 |a skúšky prijímacie 
100 1 |a Sakálová, Katarína, 1955-